10'- Laylow- Paroles - Statistiques

Statistiques générales
  • Ce quiz a été pris 156 fois
  • Le résultat moyen est 199 sur 374
Statistiques - réponses
Paroles % Correct
la
90%
là"
90%
La
90%
90%
ma
90%
Tu
90%
tu
90%
Le
89%
le
89%
les
88%
a
87%
à
87%
A
87%
par
83%
ce
82%
m'as
82%
moi
82%
moi,
82%
c'est
81%
C'est
81%
main,
81%
mon
81%
Mon
81%
au
80%
dis:
80%
dis
80%
pas
80%
te
80%
si
79%
autres"
78%
autres
78%
de
78%
l'enfer
78%
paradis
78%
comme
77%
quoi
76%
monde
73%
mais
72%
Mais
72%
T'étais
71%
Je
70%
no
70%
dans
69%
Dans
69%
plus
69%
est
68%
des
67%
vie
67%
diminue,
64%
diminue
64%
et
63%
Et,
63%
Un
63%
un
63%
vraiment,
63%
vraiment
63%
coeur,
62%
cœur,
62%
cœur
62%
elle
61%
T'as
60%
t'as
60%
t'as,
60%
"Y'a
60%
Y'a
60%
y'a
60%
j'suis
59%
J'suis
59%
nous
59%
sentiments
59%
soirées
59%
fait
58%
que
58%
Que
58%
sais
58%
fin
56%
comment
54%
fier
54%
hier
54%
liasse
54%
par ci
54%
tellement
54%
Tellement
54%
belle,
53%
bouquet
53%
choix
53%
mal
53%
cette
52%
final
52%
j't'ai
52%
qu'on
52%
"tiens-moi
52%
gens
51%
moin
51%
suivie
51%
toi
51%
10',
50%
chauffé
50%
forcement,
50%
forcément
50%
Maintenant
50%
n'taime
50%
n't'aime
50%
élément
49%
en
49%
fiable
49%
formidable
49%
On
49%
passée,
49%
rose
49%
J'pense
47%
L'hirondelle
47%
mélancolie,
47%
assumera
46%
nan
44%
seul
44%
diminuent,
43%
diminuent
43%
Diminuent,
43%
il
42%
faire
41%
Mes
41%
une
41%
vite
41%
tout,
40%
tout
40%
blasé
39%
protèges-moi
38%
regretteras
38%
haine
32%
presque
32%
Quant
32%
qui
32%
ca
31%
inutile
31%
sourire
31%
fais
30%
froid
30%
c'que
29%
Du
29%
du
29%
remords
29%
sang
29%
faux,
28%
Ton
28%
pour
27%
Pour
27%
love
26%
d'mal
24%
lèvre
24%
rouge
23%
larmes
22%
même
22%
pitié
22%
Sans
22%
contrôleur
21%
film
21%
chaque
20%
J'ai
20%
pire
20%
simule
20%
verseras
20%
assumeras
19%
embrasser
19%
t'rappelleras
19%
j'pourrais
18%
reprend
18%
faute
17%
t'faire
17%
âmes
16%
bien
16%
d'nos
16%
fois
16%
joie
16%
Hein,
14%
hein,
14%
l'état
14%
son
14%
t'laisse
13%
chemin
12%
d'compromis
12%
qu'après
12%
j'sais
11%
regarder
11%
rue,
11%
surtout
11%
buisness,
10%
shéma
10%
mieux
9%
Ecoutes-moi,
4%
rappelleras
4%
sénar'
3%
10' pile,
0%
REFRAIN
0%
Aucun quiz correspondant
Distribution des résultats
% des personnes avec chaque résultat
Percentile par nombre de réponses
Votre historique - résultats
Vous n’avez pas pris ce quiz